000
00291nam a2200097Ia 4500
005
20260328104311.0
008
260328s9999||||xx |||||||||||||| ||und||
100
_a
Sánchez Lampreave, Ricardo
245
0
_a
Las Otras Grandes Vías. Miradas a su tiempo /
_c
Ricardo Sánchez Lampreave
942
_c
BK
999
_c
10948
_d
10948